Southville International School and Colleges
Your cart is empty.
  • Cart
  • Lists
    Public lists Eva Luna New books Lux_list list_1
    Your lists Log in to create your own lists
  • Log in to your account
  • Your cookies
  • Search history
Southville International School and Colleges
  • Advanced search
  • Recent comments
  • Most popular
  • Libraries

Log in to your account

Log in with GOOGLE


If you do not have an external account, but do have a local account, you can still log in:

  1. Home
  2. MARC view: MSA Intermediate Algebra /
Normal view MARC view ISBD view

MSA Intermediate Algebra / (Record no. 116647)

[ view plain ]
MARC details
000 -LEADER
fixed length control field 00471nam a2200169Ia 4500
008 - FIXED-LENGTH DATA ELEMENTS--GENERAL INFORMATION
fixed length control field 140512s9999 xx 000 0 und d
020 ## - INTERNATIONAL STANDARD BOOK NUMBER
International Standard Book Number 9789718740708
050 ## - LIBRARY OF CONGRESS CALL NUMBER
Classification number QA 154.2
Item number .Al385 2013
100 ## - MAIN ENTRY--PERSONAL NAME
Personal name Alfarez, Merle S.
245 ## - TITLE STATEMENT
Title MSA Intermediate Algebra /
Statement of responsibility, etc Merle S. Alfarez
260 ## - PUBLICATION, DISTRIBUTION, ETC. (IMPRINT)
Place of publication, distribution, etc Quezon City :
Name of publisher, distributor, etc MSA Publishing House,
Date of publication, distribution, etc c2013
300 ## - PHYSICAL DESCRIPTION
Extent 349 p. :
Other physical details ill. ;
Dimensions 26 cm.
500 ## - GENERAL NOTE
General note Includes index.
650 ## - SUBJECT ADDED ENTRY--TOPICAL TERM
Topical term or geographic name as entry element Algebra
942 ## - ADDED ENTRY ELEMENTS (KOHA)
Koha item type Books
Holdings
Withdrawn status Lost status Damaged status Home library Current library Shelving location Date acquired Cost, normal purchase price Total Checkouts Full call number Barcode Date last seen Price effective from Koha item type
      Luxembourg Library Luxembourg Library Teachers Reference Section 05/13/2014 538.00   QA 154.2 .Al385 2013 19702 05/13/2014 05/13/2014 Books

MSA Intermediate Algebra /

APA

Alfarez M. S., . (2013). MSA Intermediate Algebra. Quezon City: MSA Publishing House.

Chicago

Alfarez Merle S, . 2013. MSA Intermediate Algebra. Quezon City: MSA Publishing House.

Harvard

Alfarez M. S., . (2013). MSA Intermediate Algebra. Quezon City: MSA Publishing House.

MLA

Alfarez Merle S, . MSA Intermediate Algebra. Quezon City: MSA Publishing House. 2013.

  • Place hold
  • Print
  • Cite
  • Add to your cart (remove)
  • Save record
    BIBTEX Dublin Core MARCXML MARC (non-Unicode/MARC-8) MARC (Unicode/UTF-8) MARC (Unicode/UTF-8, Standard) MODS (XML) RIS
  • More searches
    Search for this title in:
    Other Libraries (WorldCat) Other Databases (Google Scholar) Online Stores (Bookfinder.com) Open Library (openlibrary.org)

Exporting to Dublin Core...

SOUTHVILLE LIBRARY

Southville International School and Colleges Library

1281 Tropical Ave. Cor. Luxembourg St., BF Homes International, Las Pinas City

Tel. No. 8256374 / 252358 Loc. 117/146

Powered by Koha